000 00728nam a22002537a 4500
005 20210325204505.0
008 s2009 eng d
020 _a9780415468206
041 _aeng
050 _aJC423 F97
_b 2009
100 0 _aBartelson, Jen, ed.
245 1 0 _aThe Future of Political Community
260 3 _aLondon :
_bRoutledge,
_c2009
300 _a214 p ;
_b 24 cm
650 0 4 _aInternationalism
650 0 4 _aSovereignty
650 0 4 _aCitizenship
650 0 4 _aDemocracy
850 _aNALT
942 _cGB
997 _a8923
997 _c000000000060998
998 _aนางสาวสุพันดา สุภาพ
999 _c60998
_d60998